| 000 | 00466nam a22001817a 4500 | ||
|---|---|---|---|
| 005 | 20230110140817.0 | ||
| 008 | 221217b |||||||| |||| 00| 0 eng d | ||
| 020 | _a978-0-7020-7447-9 | ||
| 041 | _aeng | ||
| 082 | _a615.1RIT -R | ||
| 100 |
_aRITTER , JAMES M ., FLOWER ,AND OTHERS _97368 |
||
| 245 | _aRANG & DALE;S PHARMACOLOGY | ||
| 250 | _a9th ed. | ||
| 260 |
_bELSEVIER _c2021 |
||
| 300 | _a789;P. | ||
| 650 |
_aPHARMACY _xB.PHARMA _97083 |
||
| 942 | _cBK | ||
| 999 |
_c8082 _d8080 |
||